Switch : how to change things when change is hard (Record no. 10414)
[ view plain ]
| 000 -LEADER | |
|---|---|
| fixed length control field | 00421 a2200145 4500 |
| 020 ## - INTERNATIONAL STANDARD BOOK NUMBER | |
| International Standard Book Number | 9780385528757 |
| 040 ## - CATALOGING SOURCE | |
| Original cataloging agency | DLC |
| Language of cataloging | DLC |
| 100 1# - MAIN ENTRY--PERSONAL NAME | |
| Personal name | Heath, Chip. |
| 245 10 - TITLE STATEMENT | |
| Title | Switch : how to change things when change is hard |
| Statement of responsibility, etc. | Chip Heath and Dan Heath. |
| 260 ## - PUBLICATION, DISTRIBUTION, ETC. | |
| Place of publication, distribution, etc. | New York : |
| Name of publisher, distributor, etc. | Broadway Books, |
| Date of publication, distribution, etc. | 2010. |
| 300 ## - PHYSICAL DESCRIPTION | |
| Extent | 305 p. ; |
| Dimensions | 22 cm. |
| 650 #0 - SUBJECT ADDED ENTRY--TOPICAL TERM | |
| Topical term or geographic name entry element | Change (Psychology) |
| 700 1# - ADDED ENTRY--PERSONAL NAME | |
| Personal name | Heath, Dan, |
| Dates associated with a name | 1973- |
| 942 ## - ADDED ENTRY ELEMENTS (KOHA) | |
| Koha item type | Book |
| Call number prefix | 303.4 HEA |
| Source of classification or shelving scheme | |
| Withdrawn status | Lost status | Damaged status | Not for loan | Collection code | Permanent Location | Current Location | Shelving location | Date acquired | Source of acquisition | Cost, normal purchase price | Total Checkouts | Full call number | Barcode | Date last seen | Date last checked out | Price effective from | Koha item type |
|---|---|---|---|---|---|---|---|---|---|---|---|---|---|---|---|---|---|
| Central Library (CL) | Central Library (CL) | General Stacks | 03/02/2011 | Amazon.com | 1267.35 | 4 | 303.4 HEA | SEECS010508 | 03/06/2026 | 05/21/2025 | 01/05/2017 | Book |
